000 00653nam a2200265 a 4500
003 AR-BaBNM
005 20251128205408.0
008 082120s2002 ||||||||||||||000 | spa||
020 _a84-297-3558-5
040 _cAR-BaBNM
100 1 _aFuster, Joan
245 0 0 _aDiccionario para ociosos
250 _a1ª ed.
260 _aBarcelona
_bEdiciones Península
_c1992
300 _a190 p.
490 0 _aIdeas
_vv. 23
650 4 _aLITERATURA CATALANA
650 4 _aENSAYO
650 4 _aDICCIONARIOS
650 4 _aLITERATURA CONTEMPORANEA
655 _aLITERATURA
700 1 _aMirete, Isabel
_etraductor
942 _cBK
998 _cMARTIN
999 _c11254
_d11254